| 000 | 00852nam a22002537a 4500 | ||
|---|---|---|---|
| 005 | 20151111095951.0 | ||
| 008 | 150408t2015 pauao frbf 001 0 eng d | ||
| 020 | _a9781469839370 | ||
| 020 | _a1469839377 | ||
| 040 |
_aEG-SCBUE _beng _cEG-SCBUE |
||
| 082 | 0 | 4 |
_222 _a615.1 _bKAR |
| 100 | 1 |
_936452 _aKarch, Amy Morrison, _d1949- |
|
| 245 | 1 | 0 |
_aLippincott nursing drug guide / _cAmy M. Karch. |
| 260 |
_aPhiladelphia : _bWolters Kluwer, _cc.2015. |
||
| 300 |
_axvii, 1515 p. : _bphotographs, tables ; _c21 cm. |
||
| 500 | _aIncludes appendixes. | ||
| 500 | _aIndex : p. 1457-1515. | ||
| 500 | _aOnline tookit with NCLEX questions, drug updates, and more ! | ||
| 504 | _aBibliography : p. 1456. | ||
| 650 | 7 |
_aDrugs _vHandbooks, manuals, etc. _932488 _2BUEsh |
|
| 651 | _2BUEsh | ||
| 653 |
_bNNUR _cApril2015 _cNovember2015 |
||
| 942 |
_2ddc _k615.1 KAR |
||
| 999 |
_c19176 _d19148 |
||